00339nam a2200085Ia 4500008004100000245004900041260000900090300012200099650003200221180130s9999 xx 000 0 und d cAnkory, MichaaCarnival: the return to chaos c2014 aBook title: Play : psychoanalytic perspectives, survival and human development--Acession number C18636; pages 216-220 aPLAY--PSYCHOLOGICAL ASPECTS